Influenceri vytvorení umelou inteligenciou: možnosti ich uplatnenia a ich vnímanie spotrebiteľmi a spoločnosťami bakalárska práca

Saved in:
Bibliographic Details
Main Author: Vágo, Matej
Corporate Author: Obchodná fakulta EU. Katedra marketingu
Other Authors: Hlavatý, Ivan, 1978-
Format: Book
Language:Slovak
Published: Bratislava 2025
Tags: Add Tag
No Tags, Be the first to tag this record!

MARC

LEADER 00000nbm a2200000 4500
001 0311148
005 20260216122817.8
041 0 |a slo 
044 |a SK 
245 1 0 |a Influenceri vytvorení umelou inteligenciou: možnosti ich uplatnenia a ich vnímanie spotrebiteľmi a spoločnosťami  |b bakalárska práca  |c Matej Vágo ; školiteľ: Ivan Hlavatý 
264 1 |a Bratislava  |c 2025 
300 |a 57 s. 
100 1 |a Vágo, Matej 
700 1 |a Hlavatý, Ivan, 1978- 
710 2 |a Obchodná fakulta EU. Katedra marketingu